00993cam a22002897i 4500999001900000001000900019005001700028008004100045020001500086020001800101040001300119082002400132100001900156245013500175260003600310300004000346500002000386650002100406650002200427650003500449650002100484650003500505650002200540700002300562942000700585952011100592 c117508d1175081933683220200604123404.0161013t20172017maua 001 0 eng d a0672337797 a9780672337796 cPK-LaUMT04a004.6782223bHOF-C1 aHoffman, Kevin10aCloud Native Go :bbuilding web applications and microservices for the cloud with Go and React /cby Kevin Hoffman and Dan Nemeth aBoston :bAddison-Wesley,c2017 ax, 243 p. :billustrations ;c23 cm aIncludes index. 0aCloud computing. 0aWeb applications. 0aGo (Computer program language) 7aCloud computing. 7aGo (Computer program language) 7aWeb applications.1 aNemeth, Daniel P., cBK 00104070a01b01d2020-06-04l1o004.6782 HOF-Cp133393r2024-08-15 15:27:25s2024-05-13w2020-06-04yBK